Polskie Miasta na Literę I na Mapie - Statystyki

Ogólne statystyki
  • Ten quiz został rozwiązany 50 razy
  • Średni wynik to 5 z 11
Odpowiedzi na mapie
Odpowiedzi zakodowano w zielono-czerwonej skali na mapie do tego quizu, zgodnie z poniższymi procentami.
 
Statystyki odpowiedzi
Województwo Miasto Populacja % Poprawnych
Kujawsko-Pomorskie Inowrocław 66k
98%
Warmińsko-Mazurskie Iława 32k
91%
Śląskie Imielin 9k
53%
Mazowieckie Iłża 5k
42%
Podkarpackie Iwonicz-Zdrój 1,5k
38%
Lubelskie Izbica 1,7k
36%
Lubuskie Iłowa 3,5k
29%
Łódzkie Inowłódz 800
27%
Kujawsko-Pomorskie Izbica Kujawska 2,5k
24%
Zachodnio-Pomorskie Ińsko 1,8k
18%
Świętokrzyskie Iwaniska 1,3k
18%
Nie znaleziono quizów pasujących do podanych kryteriów
Rozkład punktacji
Procent ludzi z każdym wynikiem
Percentyl według liczby udzielonych odpowiedzi
Twoja historia wyników
Nie rozwiązałeś tego quizu